书目信息 |
| 题名: |
Word XP易学会
|
|
| 作者: | 苏容 编著 | |
| 分册: | ||
| 出版信息: | 上海 上海科学技术出版社 2002.08 |
|
| 页数: | 152页 | |
| 开本: | 19cm | |
| 丛书名: | 电脑易学会丛书 | |
| 单 册: | ||
| 中图分类: | TP391.12 | |
| 科图分类: | ||
| 主题词: | 汉字处理软件系统--基本知识 | |
| 电子资源: | ||
| ISBN: | 7-5323-6681-2 | |
| 000 | 01002oam2 2200289 450 | |
| 001 | ZWTS00000074 | |
| 005 | 20060831083924.88 | |
| 010 | @a7-5323-6681-2@dCNY18.00 | |
| 035 | @a0102900668 | |
| 100 | @a20020928d2002 em y0chiy0110 ea | |
| 101 | 0 | @achi |
| 102 | @aCN@b310000 | |
| 105 | @ay z 000yy | |
| 200 | 1 | @aWord XP易学会@AWord XP yi xue hui@f苏容编著 |
| 210 | @a上海@c上海科学技术出版社@d2002.08 | |
| 215 | @a152页@d19cm | |
| 225 | 2 | @a电脑易学会丛书 |
| 330 | @a本书以一份图文并茂的通知为例子,以步骤图解的方法介绍Word XP的新功能及使用技巧,介绍了文字的输入方法,Word的职能标记的用法,编辑及排版一份文字文件,在文字上加上各类型的图片和图案,表格、栏、分页符号等有特色的排版技巧等。 | |
| 461 | 0 | @1001002176409@12001 @a电脑易学会丛书 |
| 510 | 1 | @aEasy Way of Word XP@zeng |
| 606 | 0 | @a汉字处理软件系统@x基本知识 |
| 610 | 0 | @aWord |
| 690 | @aTP391.12@v4 | |
| 701 | 0 | @a苏容@Asu rong@4编著 |
| 801 | 0 | @aCN@bBZT@c20060831 |
| 905 | @aBZT@dTP391.12@e1 | |
| 906 | @dCNY18.00@n0@r1 | |
| Word XP易学会/苏容编著.-上海:上海科学技术出版社,2002.08 |
| 152页;19cm.-(电脑易学会丛书) |
| ISBN 7-5323-6681-2:CNY18.00 |
| 本书以一份图文并茂的通知为例子,以步骤图解的方法介绍Word XP的新功能及使用技巧,介绍了文字的输入方法,Word的职能标记的用法,编辑及排版一份文字文件,在文字上加上各类型的图片和图案,表格、栏、分页符号等有特色的排版技巧等。 |
| ● |
| 相关链接 |
|
|
|
正题名:Word XP易学会
索取号:TP391.12/1
 
预约/预借
| 序号 | 登录号 | 条形码 | 馆藏地/架位号 | 状态 | 备注 |
| 1 | 452109 | 230065118 | 中心书库中库/ 中库027架A面7列5层17/ [索取号:TP391.12/1] | 在馆 | |
| 2 | 452110 | 230065117 | 中心书库中库/ 中库027架A面7列5层18/ [索取号:TP391.12/1] | 在馆 | |
| 3 | 452112 | 230065115 | 中心书库中库/ 中库027架A面7列5层16/ [索取号:TP391.12/1] | 在馆 | |
| 4 | 452113 | 230065114 | 中心书库中库/ 中库027架A面7列5层15/ [索取号:TP391.12/1] | 在馆 |